Statistiques concernant Compter en chiffres romains - 15 seconde sprint

Cliquez ici pour prendre le quiz!

Statistiques générales

  • Ce quiz a été pris 1 281 fois
  • Le résultat moyen est 13 sur 30

Statistiques - réponses

#% Correct
I
100%
II
99%
III
98%
IV
94%
V
94%
VI
92%
VII
89%
VIII
85%
IX
73%
X
70%
XI
67%
XII
63%
XIII
55%
XIV
43%
XV
36%
XVI
30%
XVII
23%
XVIII
16%
XIX
10%
XX
8%
XXI
4%
XXII
3%
XXIII
3%
XXIV
1%
XXIX
1%
XXV
1%
XXVI
1%
XXVII
1%
XXVIII
1%
XXX
1%

Distribution des résultats

Percentile par nombre de réponses

% des personnes avec chaque résultat

Votre développement - résultats

Vous n’avez pas pris ce quiz